000 01484nam0a2200337 4500
001 RU\NLR\BIBL_A\012508721
005 20210709150312.0
010 _a978-5-6044773-0-4
_91000
021 _aRU
_bКН-П-20-083055
_9КН-П-20-6302
035 _a(NLR Aleph) 012508721
035 _a(RuMoRGB)010523705
090 _a12263930
_c12263930
100 _a20210422d2020 u y0rusy50 ca
101 0 _arus
102 _aRU
105 _aac||z|||000ay
181 0 _ai
_baxxe
182 0 _an
200 1 _aПобеда в солдатской шинели
_eхудожественно-документальная повесть
_fИ. Я. Сьянов
203 _aТекст
_bвизуальный
_cнепосредственный
210 _aТомск
_c[б. и.]
_aНовосибирск
_cДом мира
_d2020
_aНовосибирск
215 _a106, [1] с., [16] л. ил., портр.
_cпортр.
_d22
300 _aНа обороте тит.с. авт.: Герой Советского Союза - Сьянов И. Я.
600 1 _aСьянов
_bИ. Я.
_gИлья Яковлевич
_f1905 - 1988
_jВоспоминания, записки и т.п
_2nlr_sh2
_3RU\NLR\AUTH\6601689542
686 1 _aЦ35(2)722-53-243.1д.Сьянов
700 1 _aСьянов
_bИ. Я.
_f1905-1988
_gИлья Яковлевич
942 _cBOOK
980 _aNBR
980 _aNB